00313nam a2200121Ia 4500008004100000020001500041041001200056100001700068245005400085260002800139300000800167650001600175221030s9999 xx 000 0 und d a9350140055 aEnglish aA. K. Pandey 0aTheory of Automata & Computationcby A. K. Pandey bKatsonaNew Delhic2014 a304 aBB Computer